| 000 | 00855cam a22002777a 4500 | ||
|---|---|---|---|
| 003 | CHAP | ||
| 005 | 20240828103640.0 | ||
| 008 | 971013s1990 r 00010 d | ||
| 010 | _a3165 | ||
| 011 | _a4137 | ||
| 035 | _a3339 | ||
| 040 | _cCHAP | ||
| 082 |
_a631.43 _bF58Y |
||
| 100 | 0 | 0 |
_aFitzPatrick, Ewart Adsil _941199 |
| 245 | 0 | _aMicromorfologĂa de suelos | |
| 260 |
_aMéxico, D. F. : _bCECSA, _c1990 |
||
| 300 |
_a476 p. _b: ilus |
||
| 590 |
_aBATCH-UPD _b10 _c20130110 _lUCH01 _h0124 |
||
| 590 |
_aBATCH-UPD _b10 _c20130110 _lUCH01 _h1527 |
||
| 590 |
_aCONVERSION _b10 _c20130109 _lUCH01 _h1303 |
||
| 650 | 1 | 4 |
_aSuelos _xEstructura. _9110360 |
| 901 | _aBK | ||
| 942 | _cLIBRO | ||
| 949 |
_a631.43 F58Y _bBC _cLIBRO _d33724000069340 _eLIBRO _fc.2 _i3339 _si _t22.00 |
||
| 949 |
_a631.43 F58Y _bBC _cLIBRO _d33724000667622 _eLIBRO _gI. c/e _h81126 _i3339 _si _t22.00 |
||
| 999 |
_c3165 _d3165 |
||